History Quiz

Random History or Year Quiz

Historical Events of 2001 Quiz Stats

 Plays Quiz Updated Jun 12, 2018

Score 0/21 Timer 07:00
2 Plays Today
Date Answer % Correct
January 20George W. Bush
98.3%
October 23iPod
85.7%
September 11World Trade Center
82.7%
September 18Anthrax
76.9%
March 25Gladiator
74%
November 16Harry Potter
72.2%
September 6Microsoft
71.6%
January 15Wikipedia
68.8%
June 11Oklahoma City
68.2%
June 7Tony Blair
57.6%
October 26Patriot Act
47%
Date Answer % Correct
December 31Rudy Giuliani
46.8%
January 28Baltimore Ravens
41.8%
November 4Arizona Diamondbacks
38.3%
August 25Aaliyah
34.3%
April 1Slobodan Milosevic
25.1%
April 1Netherlands
23.9%
May 13Silvio Berlusconi
22.9%
February 20Foot and Mouth
19.6%
December 10Kofi Annan
11.7%
April 24All for You
4.2%

You're not logged in!

Compare scores with friends on all Sporcle quizzes.
OR
Log In

Show Comments

Extras

Top Quizzes Today


Score Distribution

Your Account Isn't Verified!

In order to create a playlist on Sporcle, you need to verify the email address you used during registration. Go to your Sporcle Settings to finish the process.

Report this User

Report this user for behavior that violates our Community Guidelines.

Details: